Moving into math stations K-2.

Following on from the success of her book math work stations, Debbie Diller now brings the world of math stations to life, demonstrating how you too can effectively incorporate math stations into your instruction to enhance your students' conceptual understanding and skills. Debbie works with b...

Full description

Bibliographic Details
Main Author: Diller, Debbie, 1954- (Author)
Corporate Author: Kanopy (Firm)
Format: Video
Language:English
Published: [San Francisco, California, USA] : Kanopy Streaming, 2014.
Subjects:
Online Access:Connect to this streaming video

MARC

Tag First Indicator Second Indicator Subfields
LEADER 00000cgm a2200000 i 4500
001 in00003584591
006 m o c
007 vz uzazuu
007 cr una---unuuu
008 140717p20142013cau078 o vleng d
005 20260324165419.5
028 5 2 |a 1111304  |b Kanopy 
035 |a (OCoLC)897771714 
035 |a (CaSfKAN)kan1111304 
040 |a UtOrBLW  |b eng  |e rda  |c UtOrBLW 
245 0 0 |a Moving into math stations K-2. 
264 1 |a [San Francisco, California, USA] :  |b Kanopy Streaming,  |c 2014. 
300 |a 1 online resource (1 video file, approximately 84 min.) :  |b digital, .flv file, sound 
336 |a two-dimensional moving image  |b tdi  |2 rdacontent 
337 |a computer  |b c  |2 rdamedia 
338 |a online resource  |b cr  |2 rdacarrier 
344 |a digital 
347 |a video file  |b MPEG-4  |b Flash 
500 |a Title from title frames. 
518 |a Originally produced by Stenhouse Publishers in 2013. 
520 |a Following on from the success of her book math work stations, Debbie Diller now brings the world of math stations to life, demonstrating how you too can effectively incorporate math stations into your instruction to enhance your students' conceptual understanding and skills. Debbie works with both 1st and 2nd grade teachers and students, demonstrating how to: find the time and space for math stations organize and manage manipulatives move from whole-group lessons to stations work foster all-important math talk and much more. Both the larger purpose of math stations, how they connect big ideas to meaningful independent practice, and the detailed nuts and bolts of creating and implementing stations in the math classroom are explored in this video. Moving into math stations, K-2 brings together the joy and the rigor of young children's math learning. Join Debbie as she makes it happen! About the author: Debbie Diller has been a national consultant since 2000, but she still has "those 'back-to-school' dreams in the fall." After playing school in the basement of her childhood home in Lititz, Pennsylvania, she earned her bachelor's and master's degrees in education from Millersville University and Temple University and spent the next thirty years as an educator. Debbie's ideas for her books also come from her work with teachers. She listens for frequently asked questions, patterns, teachers' needs and keeps a writer's notebook to collect ideas, thoughts, and notes. "Often, the old joke comes to mind: 'how do you eat an elephant? One bite at a time.' That's how I write: bit by bit, on planes, in hotel rooms, in my office on a rare day. Teachers' questions and comments spur me on through my daily, ongoing work in classrooms, which sustains my work." 
538 |a Mode of access: World Wide Web. 
650 0 |a Mathematics  |x Study and teaching. 
650 0 |a School children. 
650 0 |a Documentary television programs. 
655 7 |a Internet videos.  |2 lcgft 
655 7 |a Nonfiction films.  |2 lcgft 
655 7 |a Documentary television programs.  |2 lcgft 
700 1 |a Diller, Debbie,  |d 1954-  |e author. 
710 2 |a Kanopy (Firm) 
856 4 0 |u http://proxy.library.tamu.edu/login?url=https://texasam.kanopystreaming.com/node/111305  |z Connect to this streaming video  |t 0 
999 f f |s 886cd470-1e52-3f8d-b9e5-063445714a10  |i 6ba2def3-ded3-3021-8c6e-fe3ef8390e90  |t 0 
952 f f |a Texas A&M University  |b College Station  |c Electronic Resources  |s www_evans  |d Available Online  |t 0  |h No information provided 
998 f f |t 0  |l Available Online